000 00273nam a22001217a 4500
008 170529b xxu||||| |||| 00| 0 eng d
041 _aeng
080 _a62
100 _a25
101 _aIM
245 _aON FAULT TOLERANT COMPUTING
_cRACKHAM.H.H
942 _2udc
_cBK
999 _c14865
_d14865